Aristóteles: una introducción
שמור ב:
| מחבר ראשי: | |
|---|---|
| פורמט: | ספר |
| שפה: | ספרדית |
| יצא לאור: |
Santiago
Instituto de Estudios de la Sociedad
2007
|
| מהדורה: | 1a. ed |
| סדרה: | Colección IES
|
| נושאים: | |
| תגים: |
הוספת תג
אין תגיות, היה/י הראשונ/ה לתייג את הרשומה!
|
MARC
| LEADER | 00000cam a2200000 a 4500 | ||
|---|---|---|---|
| 001 | UCD6064 | ||
| 003 | CL-VaPUC | ||
| 008 | 161118e20070000cl |||||||||||||||||spa|d | ||
| 020 | |a 9789568639006 | ||
| 082 | 0 | 4 | |a 185 |b VIG |2 21 |
| 100 | 0 | |a Vigo, Alejandro G |e author |9 589772 | |
| 245 | 1 | 0 | |a Aristóteles: una introducción |
| 250 | |a 1a. ed | ||
| 300 | |a 275 p | ||
| 942 | |c BK | ||
| 945 | |d 20161118 09:36:00 |a dcastane | ||
| 260 | |a Santiago |b Instituto de Estudios de la Sociedad |c 2007 | ||
| 600 | 0 | |a Aristóteles, |d 384 a.C.- 322 a.C. |9 194 | |
| 650 | 0 | |a Aristotelismo |9 347069 | |
| 650 | 0 | |a Filosofía griega |9 265579 | |
| 583 | |a last modification |c 20161118 09:36:00 |k Rodrigo Vera | ||
| 490 | 0 | |a Colección IES | |
| 999 | |c 366487 |d 366485 | ||
| 952 | |0 0 |1 0 |3 erb |4 0 |6 185_000000000000000_VIG_2007 |7 0 |8 A |9 480749 |a BIBEDU |b BIBEDU |i 5348048 |l 11 |m 3 |o 185 VIG 2007 |p 5348048 |r 2024-08-28 |s 2024-07-05 |w 2019-11-24 |y BK |z Catalogado en:20161118 |k FIL | ||
| 952 | |0 0 |1 0 |3 erb |4 0 |6 185_000000000000000_VIG_2007 |7 0 |8 A |9 480750 |a BIBTEO |b BIBTEO |i 5371554 |l 3 |m 1 |o 185 VIG 2007 |p 5371554 |r 2025-04-30 |s 2025-04-16 |w 2019-11-24 |y BK |z Catalogado en:20170407 |k ICR | ||
| 952 | |0 0 |1 0 |3 erb |4 0 |6 185_000000000000000_VIG_2007 |7 0 |8 A |9 480751 |a BIBTEO |b BIBTEO |i 5371562 |l 5 |m 1 |o 185 VIG 2007 |p 5371562 |r 2025-04-29 |s 2025-04-16 |w 2019-11-24 |y BK |z Catalogado en:20170407 |k ICR | ||